00238nam a2200085 4500082002200000100002900022245007100051260002000122300001000142 aI5135x5444 AR/4/2 aGovernment of karnataka  a4th report of the karnataka administrative reforms commission-two aBengaluruc2022 a229p.